Welcome to CU Library Online Public Access Catalogue (OPAC)

Talent management : (Record no. 2699)

MARC details
000 -LEADER
fixed length control field 00899cam a22002295a 4500
001 - CONTROL NUMBER
control field 15578681
005 - DATE AND TIME OF LATEST TRANSACTION
control field 20250120092618.0
008 - FIXED-LENGTH DATA ELEMENTS--GENERAL INFORMATION
fixed length control field 090108s2010 vaua b 001 0 eng
020 ## - INTERNATIONAL STANDARD BOOK NUMBER
International Standard Book Number 9781562866778
020 ## - INTERNATIONAL STANDARD BOOK NUMBER
International Standard Book Number 156286677X
050 00 - LIBRARY OF CONGRESS CALL NUMBER
Classification number HF5549
Item number .T198 2010
245 00 - TITLE STATEMENT
Title Talent management :
Remainder of title strategies for success from six leading companies /
Statement of responsibility, etc. Larry Israelite, editor.
260 ## - PUBLICATION, DISTRIBUTION, ETC.
Place of publication, distribution, etc. [Alexandria, VA] :
Name of publisher, distributor, etc. ASTD Press,
Date of publication, distribution, etc. 2010.
300 ## - PHYSICAL DESCRIPTION
Extent ix, 260 p. :
Other physical details ill. ;
Dimensions 24 cm.
650 #0 - SUBJECT ADDED ENTRY--TOPICAL TERM
Topical term or geographic name entry element Personnel management
Form subdivision Case studies.
650 #0 - SUBJECT ADDED ENTRY--TOPICAL TERM
Topical term or geographic name entry element Human capital
General subdivision Management
Form subdivision Case studies.
650 #0 - SUBJECT ADDED ENTRY--TOPICAL TERM
Topical term or geographic name entry element Success in business
Form subdivision Case studies.
700 1# - ADDED ENTRY--PERSONAL NAME
Personal name Israelite, Larry.
856 41 - ELECTRONIC LOCATION AND ACCESS
Materials specified Table of contents only
Uniform Resource Identifier <a href="http://www.loc.gov/catdir/toc/fy11pdf04/2009920427.html">http://www.loc.gov/catdir/toc/fy11pdf04/2009920427.html</a>
856 42 - ELECTRONIC LOCATION AND ACCESS
Materials specified Contributor biographical information
Uniform Resource Identifier <a href="https://www.loc.gov/catdir/enhancements/fy1616/2009920427-b.html">https://www.loc.gov/catdir/enhancements/fy1616/2009920427-b.html</a>
942 ## - ADDED ENTRY ELEMENTS (KOHA)
Source of classification or shelving scheme Library of Congress Classification
Koha item type Books
Suppress in OPAC No
999 ## -
-- 2699
-- 2699
Holdings
Withdrawn status Lost status Source of classification or shelving scheme Damaged status Not for loan Collection Home library Current library Shelving location Date acquired Total checkouts Full call number Barcode Date last seen Copy number Price effective from Koha item type
    Library of Congress Classification     Non-fiction Business Library (Miotso) Business Library (Miotso) General stacks 01/20/2025   HF5549 .T198 2010 BSSM00000467 01/20/2025 1 01/20/2025 Books
© 2023-2024 Copyright: Central University Libraries. All Rights Reserved | Created by: Mahone Tech Office